[Event "BL 2017-18"]
[Site "Germany"]
[Date "2018.04.30"]
[Round "14"]
[White "Abel, Dennes"]
[Black "Gauglitz, Gernot"]
[Result "1/2-1/2"]
[WhiteElo "2473"]
[BlackElo "2386"]
[Annotator "TA"]
[PlyCount "143"]
[EventDate "2018.05.24"]
[EventType "team-tourn"]
[EventCountry "GER"]
[SourceTitle "playchess.com"]
[Source "ChessBase"]
[SourceQuality "1"]
[WhiteTeam "SFR Berlin"]
[BlackTeam "Dresden"]

{[%evp 20,143,35,37,56,29,39,29,60,0,47,50,58,52,47,24,42,42,40,22,40,28,27,34,75,63,152,159,149,154,155,150,158,138,137,113,122,113,113,110,133,125,151,86,86,91,101,101,112,42,50,49,70,77,80,77,78,79,83,83,77,81,283,285,267,263,277,238,364,332,456,437,543,532,1456,1339,1525,1477,1443,837,2585,2153,3992,3992,2477,2498,2312,1575,1842,5964,5975,5622,2154,75,75,82,86,8,8,8,8,8,8,8,8,8,8,8,8,8,8,8,8,8,8,8,8,8,8,8,8,8,8,0,8,0]} 1. d4 Nf6 2. c4 g6 3. Nc3 Bg7 4. e4 d6 5. Be2 O-O 6. Nf3 e5 7. Be3 Nc6 8. d5 Ne7 9. Nd2 Ne8 10. c5 f5 11. f3 {LiveBook: 40 Games} dxc5 {E92: King's Indian: Classical: 6 Be2 e5: 7 dxe5, 7 Be3 and Petrosian System without 7...Nbd7} (11... Kh8 12. Nc4 Ng8 13. h4 Bh6 14. Bf2 Ngf6 15. g4 fxg4 16. fxg4 Bf4 17. g5 Nd7 18. c6 bxc6 19. dxc6 Nb6 20. Nxb6 axb6 {1-0 (27) Bartel,M (2629)-Deszczynski,A (2371) Warsaw 2012}) 12. Bxc5 b6 13. Bf2 $146 ({Predecessor:} 13. Be3 c5 14. Nc4 Kh8 15. a4 Ba6 16. Na3 Bxe2 17. Qxe2 Nd6 18. Bg5 Nf7 19. Bh4 {1-0 (41) Maksimovic,M (2174)-Maric,D (2206) Belgrade 2017}) 13... Nd6 {White has an edge.} 14. Qc2 (14. O-O $14) 14... Bd7 15. O-O g5 16. exf5 Bxf5 17. Bd3 c6 18. dxc6 Nxc6 19. Nce4 Nxe4 20. Bxe4 Nd4 21. Bxd4 Qxd4+ 22. Kh1 Rac8 ({Better is} 22... Qd7 $14) 23. Qb3+ $16 Kh8 24. Bxf5 Rxf5 25. Ne4 Rff8 26. Nxg5 Qc4 27. Ne4 Qxb3 28. axb3 a5 29. Rfc1 Bh6 30. Rc3 Rfd8 31. Kg1 (31. h4 $142) 31... Bd2 32. Rc4 Be3+ 33. Kf1 $1 Bd4 34. Rxc8 (34. Rac1 $16 Rxc4 35. Rxc4) 34... Rxc8 {[%mdl 4096] Endgame KRB-KRN} 35. Nc3 Rc5 36. Rc1 $1 b5 37. Ke2 b4 38. Na2 Rxc1 39. Nxc1 Bxb2 {KB-KN} 40. Kd2 Kg7 $2 (40... Bd4 $16) 41. Ne2 $1 $18 e4 42. fxe4 Kf6 43. Kd3 Ke5 (43... Be5 {keeps fighting.} 44. g3 Bc7) 44. Ng1 Kd6 45. Nf3 Kc5 46. g4 {[%cal Bg2g4,Bg4g5][%mdl 32]} Kb5 47. e5 Kc5 48. g5 Kd5 49. h4 {[%cal Bh2h4,Bh4h5][%mdl 32]} Bc1 50. h5 Bf4 51. g6 hxg6 52. hxg6 Bh6 {[#]} 53. Ng5 $1 {[%mdl 512]} Bg7 (53... Bxg5 54. g7) 54. e6 {Intending e7 and mate.} Kd6 55. Kc4 Ke7 {[#]} 56. Kb5 $2 (56. Kd5 $1 $18 {and the rest is easy.} a4 57. bxa4) 56... Bh6 $16 57. Kxa5 Kf6 58. Nf7 ({Much worse is} 58. Kxb4 $6 Bxg5 59. e7 Kxe7 $11) ({White should try} 58. e7 $16 Kxe7 59. Ne4 (59. Kxb4 Bxg5 60. g7 Kf7 $11)) 58... Bf8 $11 {The position is equal.} 59. Nd8 Ke7 60. Nb7 {Black must now prevent Nc5.} Kxe6 61. Kb5 Kf6 62. Nc5 {Strongly threatening Nd7+.} Kxg6 63. Kxb4 Bh6 64. Kc3 Kf6 65. b4 Ke5 66. Kc4 Kd6 67. b5 Be3 68. Ne4+ Kc7 69. Nc3 {Nd5+ would kill now.} Bg1 70. Nd5+ Kd6 71. Nc3 Kc7 72. Ne4 {Precision: White = 61%, Black = 48%.} 1/2-1/2

[Event "BL 2017-18"]
[Site "Germany"]
[Date "2018.04.30"]
[Round "14"]
[White "Paehtz, Elisabeth"]
[Black "Mista, Aleksander"]
[Result "0-1"]
[WhiteElo "2468"]
[BlackElo "2589"]
[Annotator "TA"]
[PlyCount "72"]
[EventDate "2018.05.24"]
[EventType "team-tourn"]
[EventCountry "GER"]
[SourceTitle "playchess.com"]
[Source "ChessBase"]
[SourceQuality "1"]
[WhiteTeam "Dresden"]
[BlackTeam "SFR Berlin"]

{[%evp 20,72,0,0,0,0,0,0,0,0,0,-33,-35,-27,-44,-54,-64,-60,-52,-77,-85,-112,-143,-111,-82,-84,-63,-54,-67,-63,-44,-64,-54,-59,-50,-58,-26,-27,0,0,0,-141,-131,-140,-146,-154,-147,-408,-377,-843,-841,-820,-812,-758,-758]} 1. d4 Nf6 2. Nf3 g6 3. g3 Bg7 4. Bg2 d5 5. O-O O-O 6. c4 c6 7. cxd5 cxd5 8. Ne5 Bf5 9. Nc3 Ne4 10. Nxe4 {D79: Fianchetto Grünfeld: Symmetrical Variation (6 0-0 c6 7 cxd5 cxd5)} (10. g4 Nxc3 11. bxc3 Be6 12. f4 f6 13. Nd3 Bxg4 14. Rb1 e6 15. c4 Nc6 16. Nf2 Bh5 17. f5 gxf5 18. cxd5 exd5 19. Rxb7 Re8 20. Rb2 Rb8 21. Rxb8 {½-½ (21) Rapport,R (2675)-Li,C (2744) Tbilisi 2017}) 10... Bxe4 11. Bh3 {LiveBook: 4 Games} Qb6 $146 ({Predecessor:} 11... Nc6 12. Nxc6 bxc6 13. Be3 Qb6 14. Qd2 Rfb8 15. b3 Qb4 16. Rac1 Qxd2 17. Bxd2 {½-½ (49) Shoker,S (2472)-Ghosh,D (2562) Riga 2017}) 12. a4 {The position is equal.} a5 13. Ra3 Rd8 14. Rb3 Qa7 15. e3 Bxe5 16. dxe5 Nc6 {[%cal Bb8c6,Bc6e5,Be5d3][%mdl 32]} 17. e6 f6 18. f3 Bb1 $1 19. Ra3 Ne5 20. Ra1 Bd3 21. Rf2 Ba6 22. Qd4 Rdc8 {Strongly threatening ...Nd3.} 23. Qxa7 Rxa7 24. Bd2 Nd3 25. Rg2 Nxb2 (25... Nc5 {seems wilder.} 26. Bc3 b6 27. Ra3 Kg7 28. Rc2 Rac7) 26. Bxa5 Nc4 $36 {[%mdl 2048] Black is more active.} 27. Bc3 b6 (27... Nxe3 $2 28. Bd4 $18) 28. Bd4 Rac7 29. Rf2 Ne5 30. Bxe5 (30. Bxb6 $11 {remains equal.} Rc1+ 31. Rxc1 Rxc1+ 32. Bf1) 30... Rc1+ $17 ({But not} 30... fxe5 31. Rb2 $15) 31. Rxc1 Rxc1+ 32. Kg2 {[#] Black must now prevent Bd4.} fxe5 33. f4 $2 {[%mdl 8192]} (33. g4 $17) 33... d4 $19 {[%cal Bd5d4,Bd4e3,Be3e2][%mdl 32] Threatens to win with ...Bb7+.} 34. Bg4 $2 (34. e4 exf4 35. Bg4) 34... dxe3 {Black is clearly winning.} 35. Rb2 Bf1+ 36. Kf3 e2 {Precision: White = 58%, Black = 83%.} 0-1

[Event "BL 2017-18"]
[Site "Germany"]
[Date "2018.04.30"]
[Round "14"]
[White "Neef, Maximilian"]
[Black "Jakubowski, Krzysztof"]
[Result "1/2-1/2"]
[WhiteElo "2455"]
[BlackElo "2515"]
[Annotator "TA"]
[PlyCount "146"]
[EventDate "2018.05.24"]
[EventType "team-tourn"]
[EventCountry "GER"]
[SourceTitle "playchess.com"]
[Source "ChessBase"]
[SourceQuality "1"]
[WhiteTeam "Dresden"]
[BlackTeam "SFR Berlin"]

{[%evp 21,146,31,39,40,48,41,33,20,40,38,60,26,26,28,48,15,26,-7,13,18,18,18,21,15,25,17,187,112,200,28,420,403,366,51,46,28,23,-8,-6,-8,0,0,2,1,4,3,1,0,0,0,0,0,0,0,45,45,67,66,70,78,115,115,177,118,124,103,96,46,45,47,47,47,47,47,47,47,93,44,50,44,41,32,32,12,12,12,12,12,12,12,12,12,12,12,12,0,12,12,41,18,60,60,50,12,12,12,12,12,12,0,0,0,0,0,0,0,12,0,0,0,12,12,12,0,12,12,12]} 1. Nf3 c5 2. c4 Nf6 3. Nc3 Nc6 4. g3 d5 5. d4 e6 6. cxd5 Nxd5 7. Bg2 Nxc3 8. bxc3 Be7 9. O-O O-O 10. e4 b6 11. d5 Na5 {LiveBook: 10 Games. D41: Queen's Gambit Declined: Semi-Tarrasch with 5 cxd5} 12. Qc2 (12. Bf4 exd5 13. exd5 Bd6 14. Bxd6 Qxd6 15. Qd3 g6 16. Rfe1 Bd7 17. Nd2 Bf5 18. Qe3 Rad8 19. h3 {1-0 (38) Neiksans,A (2627)-Flear,G (2452) Drancy 2016}) 12... exd5 13. exd5 Nc4 {White is slightly better.} 14. Bf4 Nd6 15. Ne5 Bf5 16. Qc1 $146 ({Predecessor:} 16. Qa4 Bf6 17. Rfe1 a6 18. Nc6 Qc7 19. Be5 Bxe5 20. Rxe5 {½-½ (49) Kolev,A (2445)-Biebinger,G (2290) Groningen 1990}) 16... Bf6 17. Re1 h6 18. h4 Re8 19. g4 Bh7 20. g5 hxg5 21. hxg5 {aiming for Nc6.} Bxe5 $1 22. Bxe5 {Black must now prevent Qf4.} Nc4 $1 {[%cal Rc4e5]} 23. Qf4 Nb2 $2 (23... Nxe5 $11 24. Rxe5 Rxe5 25. Qxe5 Qd7) 24. Re3 (24. Qh4 $1 $18) 24... Nd3 {[#]} (24... Rxe5 $16 25. Qxe5 Nc4) 25. Qg3 $2 (25. Qh4 $1 $18 {Hoping for Rh3.} Bf5 26. f4) 25... Qd7 $2 {[%mdl 8192]} (25... Rxe5 $11 {and Black has nothing to worry.} 26. Rxe5 Nxe5 27. Qxe5 Qd7) 26. d6 Rad8 {[#]} 27. Bh3 $2 ({Only move:} 27. f4 $1 $18) 27... Bf5 $14 28. Rxd3 (28. Bxf5 {with more complications.} Qxf5 29. f4 c4 30. Rf1 Re6 31. Qh4) 28... Bxh3 29. Re3 Qg4 30. Kh2 $132 {[%mdl 2048] White is not keeping still} Qxg3+ 31. Kxg3 Bc8 32. a4 {[%cal Ba2a4,Ba4a5][%mdl 32]} f6 33. gxf6 gxf6 34. Bf4 Rxe3+ 35. fxe3 $11 {[%mdl 4096] Endgame KRB-KRB} Kf7 36. a5 b5 37. Rh1 Ke6 38. Rh5 f5 39. e4 $1 Rg8+ 40. Kf2 fxe4 41. Rxc5 a6 (41... Re8 $16 42. Rxb5 Bd7 43. Re5+ Kf6) 42. Re5+ (42. Ke3 $18) 42... Kf6 $16 43. Rxe4 Be6 44. Bc1 Kf5 45. Re3 Rg4 46. Rd3 {Threatens to win with d7.} Bd7 47. Ba3 Rf4+ 48. Ke3 Rh4 49. Kd2 Rh2+ 50. Kc1 Ke5 51. Bb4 Rh1+ 52. Kd2 Rh2+ 53. Ke1 Rh3 54. Rd4 Rh1+ 55. Kf2 Rh2+ 56. Kg1 Rh7 57. Rd2 Bc6 58. Rd4 Bd7 59. Kg2 Bc6+ 60. Kg3 Rg7+ 61. Kf2 Rh7 62. Rg4 Rh2+ {The position is equal.} 63. Ke3 {Threatening Rg5+.} Rh3+ 64. Kd2 Rh2+ 65. Kc1 Rh1+ $1 66. Kb2 Rh2+ 67. Kc1 Rh1+ $1 68. Kd2 Rh2+ 69. Ke3 Rh3+ 70. Kf2 Rh2+ 71. Kg3 Rg2+ 72. Kh4 {And now Rxg2 would win.} Rxg4+ 73. Kxg4 Bd7+ {Precision: White = 54%, Black = 52%.} 1/2-1/2

[Event "BL 2017-18"]
[Site "Germany"]
[Date "2018.04.30"]
[Round "14"]
[White "Zumsande, Martin"]
[Black "Van Osch, Mees"]
[Result "0-1"]
[WhiteElo "2453"]
[BlackElo "2291"]
[Annotator "TA"]
[PlyCount "92"]
[EventDate "2018.05.24"]
[EventType "team-tourn"]
[EventCountry "GER"]
[SourceTitle "playchess.com"]
[Source "ChessBase"]
[SourceQuality "1"]
[WhiteTeam "Werder Bremen"]
[BlackTeam "Muelheim"]

{[%evp 23,92,0,0,0,0,0,0,-33,-26,-25,-33,-28,-34,-45,0,0,0,-3,0,-12,25,0,0,-103,-104,-97,-92,-129,-135,-152,-152,-152,-150,-234,-216,-226,-213,-284,-281,-272,-266,-331,-312,-382,-331,-393,-346,-404,-400,-395,-382,-495,-511,-460,-344,-580,-552,-639,-642,-710,-647,-1076,-1074,-1018,-987,-981,-841,-821,-806,-29993,-29994]} 1. e4 e6 2. d4 d5 3. Nc3 Nf6 4. Bg5 Bb4 5. e5 h6 6. Bh4 g5 7. Bg3 Ne4 8. Nge2 c5 {C12: French: Classical System: McCutcheon Variation} 9. a3 Bxc3+ 10. Nxc3 Nxc3 11. bxc3 Qa5 12. Qd2 Nc6 {LiveBook: 13 Games} 13. dxc5 Qxc5 14. Bd3 b6 $146 ({Predecessor:} 14... Bd7 15. O-O Ne7 16. Kh1 {0-1 (54) Kasimdzhanov,R (2704)-Graf,F (2479) Germany 2016}) 15. h4 Rg8 16. hxg5 hxg5 17. Kf1 Bb7 18. Rh7 Na5 19. a4 Rc8 20. Qe2 Qxc3 21. Rd1 Nc4 22. Qh5 Rc7 23. Rh8 (23. Kg1 $11) 23... Rxh8 $17 24. Qxh8+ Kd7 {[%cal Be8d7,Bd7c6,Bc6b7][%mdl 32]} 25. Qf6 Kc6 26. Qxg5 {[#]} Ba6 $1 27. Kg1 Kb7 28. Bf4 (28. Bxc4 $17 Qxc4 29. Ra1) 28... Nb2 $19 29. Rc1 Qa3 30. Bxa6+ Kxa6 31. a5 Qxa5 ({Less strong is} 31... bxa5 32. Be3 $17) 32. Bd2 Qa4 33. c3 Kb7 34. Rb1 Qc2 35. Ra1 Nc4 36. Be1 Qb2 37. Rd1 Qe2 38. Ra1 Qxe5 39. Qd8 $2 (39. Qxe5 {was necessary.} Nxe5 40. Kf1) 39... a5 40. f3 Qe3+ 41. Kh2 f5 42. Qg8 Qh6+ 43. Kg1 Rg7 44. Qd8 Qe3+ 45. Bf2 Qxf3 {[%csl Gg7][%cal Rf3g2] [#]} 46. g3 Ne3 {Precision: White = 41%, Black = 80%.} 0-1

[Event "BL 2017-18"]
[Site "Germany"]
[Date "2018.04.30"]
[Round "14"]
[White "Zelbel, Patrick"]
[Black "Edouard, Romain"]
[Result "0-1"]
[WhiteElo "2441"]
[BlackElo "2613"]
[Annotator "TA"]
[PlyCount "68"]
[EventDate "2018.05.24"]
[EventType "team-tourn"]
[EventCountry "GER"]
[SourceTitle "playchess.com"]
[Source "ChessBase"]
[SourceQuality "1"]
[WhiteTeam "Muelheim"]
[BlackTeam "Werder Bremen"]

{[%evp 9,68,7,6,0,11,0,3,-1,1,10,13,12,27,38,62,-27,-35,-33,-42,-40,-41,-44,-41,-205,-218,-233,-211,-199,-204,-176,-100,-112,-96,-124,-87,-160,-169,-150,-171,-289,-267,-231,-237,-290,-299,-339,-360,-706,-683,-668,-407,-404,-407,-390,-397,-383,-391,-419,-410,-402,-396]} 1. e4 c5 2. c3 d5 3. exd5 Qxd5 4. Nf3 Nc6 5. Na3 Bg4 (5... Nf6 6. Be2 e6 7. d4 cxd4 8. Nb5 Qd8 9. Nbxd4 Nxd4 10. Qxd4 Qxd4 11. Nxd4 Bd7 12. Bf4 Nd5 13. Bg3 h5 14. h4 Bc5 15. O-O-O O-O-O 16. Bf3 Ne7 17. Nb3 Bb6 18. Bd6 Nf5 19. Bc5 {½-½ (30) Schneider,I (2481)-Predojevic,B (2639) Austria 2016}) 6. Be2 {B22: Sicilian: 2 c3} e5 7. d3 f6 8. O-O $146 {The position is equal.} ({Predecessor:} 8. Nc4 Be6 9. O-O Nge7 10. Nfd2 Qd7 11. a4 Nd5 {½-½ (11) Zelbel,P (2452)-Luch,M (2393) Leiria 2017}) 8... Nge7 9. Re1 O-O-O 10. Be3 Nf5 11. Nc4 Qd7 12. Bd2 ({White should try} 12. Nfxe5 $1 $14 Bxe2 13. Nxd7 Bxd1 14. Nxf8 Nxe3 15. Nxe3 (15. Rxe3 Bg4 $14)) 12... Nd6 $11 {Strongly threatening ...Nxc4.} 13. Ne3 Be6 14. Qc2 Kb8 15. a3 g5 {[%cal Bg7g5,Bg5g4][%mdl 32]} 16. Reb1 $2 (16. b4 $1 $15) 16... g4 $19 17. Ne1 {[#]} f5 $1 {[%cal Bf6f5,Bf5f4][%mdl 32]} 18. b4 f4 19. Nf1 Rg8 ({Black should play} 19... c4 $19 20. dxc4 Nxc4) 20. bxc5 $17 Nf5 21. d4 {[#]} Ka8 $1 $36 {[%mdl 2048] Black is really pushing.} 22. Bd3 (22. dxe5 $142 f3 23. Bb5) 22... g3 ({Resist} 22... exd4 23. c4 $17) 23. fxg3 fxg3 24. h3 (24. Nf3 $142) 24... exd4 $19 25. c4 Nh4 26. Be4 d3 ({Weaker is} 26... Bxc5 27. Nd3 $17) 27. Qxd3 Qf7 ({Not} 27... Bxc5+ 28. Be3 $17) 28. Qe3 $2 {[#]} (28. Rxb7 Qxb7 29. Qxd8+ Nxd8 30. Bxb7+ Kxb7 31. Rb1+ Ka8 32. Bb4) 28... Bh6 $1 {[%mdl 512]} 29. Qe2 (29. Qxh6 Qf2+) 29... Bxd2 30. Nxd2 {[#]Black is winning.} Qf2+ $1 {[%mdl 512]} 31. Qxf2 gxf2+ 32. Kxf2 Rxd2+ 33. Ke3 Rd7 34. Rd1 Re7 {Precision: White = 47%, Black = 82%.} 0-1

[Event "BL 2017-18"]
[Site "Germany"]
[Date "2018.04.30"]
[Round "14"]
[White "Womacka, Mathias"]
[Black "Heimann, Andreas"]
[Result "1/2-1/2"]
[WhiteElo "2439"]
[BlackElo "2579"]
[Annotator "TA"]
[PlyCount "40"]
[EventDate "2018.05.24"]
[EventType "team-tourn"]
[EventCountry "GER"]
[SourceTitle "playchess.com"]
[Source "ChessBase"]
[SourceQuality "1"]
[WhiteTeam "Schwaebisch Hall"]
[BlackTeam "SF Deizisau"]

{[%evp 22,40,0,0,0,0,0,0,0,0,0,0,0,0,0,0,0,0,0,0,0]} 1. e4 e5 2. Nf3 Nc6 3. Bb5 a6 4. Bxc6 dxc6 5. O-O Bg4 6. h3 h5 7. d3 Qf6 8. Nbd2 g5 9. Nc4 {C68: Ruy Lopez: Exchange Variation, sidelines} Bxf3 10. Qxf3 Qxf3 11. gxf3 f6 12. Be3 {LiveBook: 3 Games. The position is equal.} (12. Rd1 Ne7 13. Ne3 {½-½ (13) Solak,D (2635)-Sethuraman,S (2640) Kragujevac 2016}) 12... Ne7 13. d4 exd4 14. Bxd4 Kf7 15. Rfd1 Ng6 16. Be3 Be7 17. Na5 Rab8 18. Ba7 {[#]} Ra8 $146 19. Be3 Rab8 20. Ba7 Ra8 1/2-1/2

[Event "BL 2017-18"]
[Site "Germany"]
[Date "2018.04.30"]
[Round "14"]
[White "Tischbierek, Raj"]
[Black "Schreiner, Peter"]
[Result "1-0"]
[WhiteElo "2434"]
[BlackElo "2465"]
[Annotator "TA"]
[PlyCount "87"]
[EventDate "2018.05.24"]
[EventType "team-tourn"]
[EventCountry "GER"]
[SourceTitle "playchess.com"]
[Source "ChessBase"]
[SourceQuality "1"]
[WhiteTeam "Dresden"]
[BlackTeam "SFR Berlin"]

{[%evp 13,87,-16,0,-18,16,0,33,39,33,34,18,0,0,1,27,24,33,-41,0,0,-6,-25,37,39,116,118,184,119,133,138,137,123,136,125,122,107,171,189,159,181,182,188,197,208,423,127,128,129,113,102,133,127,112,38,120,0,286,295,834,834,928,928,922,820,818,801,993,1000,967,950,1230,1055,1595,1589,29983,29970]} 1. e4 e5 2. Nf3 Nc6 3. Bc4 Nf6 4. d3 h6 5. O-O d6 6. c3 g5 {[%cal Bg7g5,Bg5g4][%mdl 32] C55: Two Knights: 4 d3, 4 d4 exd4 5 e5 and Max Lange Attack} 7. d4 g4 {LiveBook: 4 Games} 8. Nfd2 $146 ({Predecessor:} 8. Ne1 exd4 9. cxd4 Nxe4 10. Nc3 Nxc3 11. bxc3 h5 12. Nd3 Qf6 13. Bb5 Bd7 14. Re1+ {1-0 (39) Rabiega,R (2498)-Rapport,R (2729) Germany 2016}) 8... Bg7 {The position is equal.} 9. Bb5 Bd7 10. d5 Ne7 11. c4 c6 12. dxc6 bxc6 13. Ba4 h5 14. Nc3 h4 15. g3 ({White should try} 15. Nb3 $14) 15... hxg3 16. fxg3 Qb6+ 17. Kg2 $1 Qc7 ({Don't blunder} 17... Qe3 $2 18. Nb3 $18) ({Black should play} 17... Rd8 $11) 18. Rf2 $14 Ng6 {[#]} (18... Nh5 $14) 19. c5 $1 $16 {[%mdl 512]} Be6 (19... dxc5 $16 20. Nc4 Be6) 20. Qf1 ({Better is} 20. Nb3 $18) 20... Nd7 21. cxd6 Qxd6 22. Nc4 Qc5 23. Ne3 Nf4+ 24. Kh1 $1 ({Resist} 24. gxf4 $6 exf4 25. Rxf4 Qh5 $11) 24... Nh3 (24... Nh5 $16 25. Qg1 Bf8) 25. Rc2 $18 {aiming for Nb5.} Qb6 {[#]} 26. Nf5 $1 Bxf5 27. exf5 O-O 28. Ne4 Rac8 $2 (28... Nf6 {was necessary.} 29. Rxc6 Qb7) 29. Qe1 $2 (29. Rc4 $18 {has better winning chances.}) 29... Qd4 $16 30. Bb3 Nf6 31. Rc4 Nxe4 32. Rxd4 exd4 {[#]} 33. f6 (33. Kg2 $1 $16 Rce8 34. Bc4) 33... Rfe8 (33... Nxf6 $14 34. Bc4 Ne4) 34. Qf1 (34. Qa5 $16 Nxf6 35. Bd2) 34... Bxf6 $2 {[%mdl 8192]} (34... Nef2+ $1 $11 {and Black has nothing to worry.} 35. Kg2 d3) 35. Qf5 $18 {White wants to mate with Qg6+.} Nhf2+ $2 (35... Nxg3+ 36. hxg3 Re1+ 37. Kg2 Re2+ 38. Kf1 Rf2+ 39. Qxf2 Nxf2) 36. Kg2 {Threatening mate with Qg6+.} Kg7 37. Qh5 Rc7 38. Qh6+ Kg8 39. Qg6+ Kf8 40. Bh6+ Ke7 41. Bxf7 Rh8 42. Bg7 Bxg7 43. Qxg7 Rd8 44. Bg6+ {Precision: White = 62%, Black = 28%.} 1-0

[Event "BL 2017-18"]
[Site "Germany"]
[Date "2018.04.30"]
[Round "14"]
[White "Keymer, Vincent"]
[Black "Raykhman, Alexander"]
[Result "1/2-1/2"]
[WhiteElo "2403"]
[BlackElo "2400"]
[Annotator "TA"]
[PlyCount "179"]
[EventDate "2018.05.24"]
[EventType "team-tourn"]
[EventCountry "GER"]
[SourceTitle "playchess.com"]
[Source "ChessBase"]
[SourceQuality "1"]
[WhiteTeam "SF Deizisau"]
[BlackTeam "Schwaebisch Hall"]

{[%evp 21,179,122,114,105,116,120,129,120,145,57,54,53,60,49,66,61,103,63,130,131,120,93,87,93,95,97,195,181,207,22,22,17,20,0,25,22,30,24,58,58,47,26,38,39,77,51,84,81,80,5,44,44,55,50,117,90,92,59,62,58,74,75,82,83,77,61,58,42,43,36,45,35,27,12,14,14,20,20,14,14,14,14,20,0,0,0,33,33,33,33,33,33,33,33,33,33,33,33,33,0,33,33,33,33,33,33,33,33,33,33,33,33,33,33,33,33,33,33,33,33,33,0,33,33,33,0,0,0,0,0,0,0,0,0,0,0,0,0,0,0,0,0,0,0,0,0,0,0,0,0,0,0,0,0,0,0,0,0,0,0]} 1. c4 g6 2. Nc3 Bg7 3. Nf3 d6 4. d4 e5 5. e4 Nc6 6. dxe5 dxe5 7. Qxd8+ Kxd8 {A42: Modern Defence: Averbakh Variation} 8. Bg5+ f6 9. O-O-O+ Bd7 10. Be3 Bh6 11. c5 Bxe3+ {LiveBook: 3 Games} 12. fxe3 Nge7 13. Bc4 $146 {[#] Strongly threatening Be6.} ({Predecessor:} 13. Nd5 Rf8 14. Bb5 Rc8 15. a3 {1-0 (58) Saric,A (2474)-Mack,W (2210) Pula 2006}) 13... Ke8 14. Rhf1 Nd8 15. Nd5 (15. Rf2 $16) 15... Nxd5 $14 16. exd5 ({Of course not} 16. Bxd5 Be6 $11) 16... Ke7 17. Nd2 Bg4 18. Rde1 $1 $36 {[%mdl 2048] White is more active.} Bf5 19. h3 h5 ({Black should try} 19... Bd7 $14) 20. e4 Bd7 21. d6+ cxd6 22. cxd6+ Kxd6 23. Rxf6+ Ke7 (23... Ne6 $16) 24. Rxg6 $18 Ne6 {[#]} 25. Bd5 $2 (25. Bxe6 $1 $18 Bxe6 26. Rg7+ Kd6 27. Kb1 (27. Rxb7 Rhb8 $16)) 25... Rag8 26. Rxg8 Rxg8 27. Bxe6 Bxe6 $11 {[%mdl 4096] Endgame KRB-KRN} 28. Re2 Rc8+ ({Wrong is} 28... Bxa2 $2 29. b3 $18) 29. Kb1 Rf8 30. b3 Bd7 31. Nf3 Bxh3 32. Nxe5 {And now Ng6+ would win.} Rf1+ 33. Kb2 Be6 34. Nd3 Bd7 35. Nb4 ({White should play} 35. Kc3 $16) 35... Ke6 (35... Bg4 $5 {[%cal Rg4e2]} 36. Rc2 Re1 $14) 36. Kc3 Bb5 37. Rd2 Rg1 (37... a5 $14 38. Nd3 b6) 38. Kd4 h4 39. Nc2 Bc6 40. Ne3 Re1 41. Rf2 Ra1 42. e5 Ke7 43. b4 a6 44. Nf5+ Ke6 45. Ng7+ Ke7 46. e6 Re1 47. Rf7+ Kd6 48. e7 Bd7 49. e8=Q Bxe8 50. Nxe8+ Rxe8 51. Rxb7 {KR-KR} Kc6 52. Rg7 Kb5 53. a3 {[%cal Ba2a3,Ba3a4,Ba4a5][%mdl 32]} Rh8 54. Rg5+ Kb6 55. Rg6+ Kb5 56. Kc3 {White threatens Kb3 and mate.} Re8 57. Rg5+ Kb6 58. a4 Re4 59. Rg6+ Kb7 60. Rg7+ Kb8 61. a5 Rf4 62. Rd7 Rg4 63. Rd4 Rxg2 64. Rxh4 Rg5 65. Kc4 Kb7 66. Rh7+ Kb8 67. Rd7 Rh5 68. Rd5 Rh4+ 69. Kc5 Kb7 70. Rd7+ Kb8 71. Rd4 Rh6 72. Rd6 Rh5+ 73. Kb6 {[%cal Rd6d8]} Rb5+ {The position is equal.} 74. Kxa6 Rxb4 75. Rh6 {Rh8+ is the strong threat.} Rb1 76. Rh8+ Kc7 77. Ka7 {Hoping for a6.} Rb5 {[%cal Rb5a5]} 78. a6 Rg5 79. Ka8 Ra5 {[%cal Ra5a6]} 80. Rh7+ Kb6 81. a7 Rg5 {[%cal Rg5g8]} 82. Rh6+ Kc7 {[%cal Rg5g8]} 83. Rh8 Rb5 84. Rb8 Rg5 85. Rb7+ Kc6 86. Rb1 Rg8+ 87. Rb8 Rg1 88. Rc8+ Kd7 89. Rc4 Rb1 $1 90. Rd4+ {Precision: White = 59%, Black = 61%.} 1/2-1/2

[Event "BL 2017-18"]
[Site "Germany"]
[Date "2018.04.30"]
[Round "14"]
[White "Hoolt, Sarah"]
[Black "Adams, Michael"]
[Result "0-1"]
[WhiteElo "2393"]
[BlackElo "2705"]
[Annotator "TA"]
[PlyCount "58"]
[EventDate "2018.05.24"]
[EventType "team-tourn"]
[EventCountry "GER"]
[SourceTitle "playchess.com"]
[Source "ChessBase"]
[SourceQuality "1"]
[WhiteTeam "Speyer"]
[BlackTeam "Baden-Baden"]

{[%evp 15,58,14,14,0,0,0,0,0,2,0,0,0,-9,-11,16,7,11,11,13,0,0,-10,0,0,0,-69,-48,-80,-73,-141,-123,-139,-141,-194,-185,-686,-701,-1079,-606,-534,-274,-1381,-1247,-1325,-1262]} 1. e4 e5 2. Nf3 Nc6 3. Nc3 Nf6 4. Bb5 {[%cal Bf1b5,Bb5a4,Ba4b3,Bb3d5][%mdl 32]} Bd6 5. d3 a6 (5... h6 6. Ne2 a6 7. Ba4 b5 8. Bb3 Na5 9. d4 Nxb3 10. axb3 Nxe4 11. dxe5 Bc5 12. Qd5 Bxf2+ 13. Kf1 {½-½ (49) Inarkiev,E (2689)-Svidler,P (2765) St Petersburg 2017}) 6. Ba4 {C48: Four Knights: 4 Bb5, replies other than 4...Bb4} O-O 7. Bg5 b5 8. Bb3 Be7 {LiveBook: 9 Games} 9. O-O d6 10. Nd5 Nxd5 11. Bxd5 Bxg5 12. Bxc6 Rb8 13. Nxg5 Qxg5 14. Qc1 $146 Qf6 15. b4 Be6 16. a4 Rb6 17. axb5 axb5 18. Ba8 Rc8 19. Ra7 c5 20. bxc5 (20. Bb7 $11 Rb8 21. Bd5) 20... Rxc5 21. Qd2 Rb8 22. f4 {[#]} (22. c3 $142) 22... exf4 $1 $17 23. d4 Rcc8 24. Rxf4 {[#]} (24. d5 $17 Rxa8 25. Rxa8 Rxa8 26. dxe6) 24... Rxc2 $1 $19 {[%mdl 512]} 25. Qe3 $2 (25. Rxf6 Rxd2 26. Rf1 Rxd4 27. Bd5) (25. Qxc2 Qxf4) 25... Qg5 {[%csl Gc2][%cal Rg5g2]} 26. g3 Qh5 27. Rf2 Bc4 {( -> ...Qd1+)} 28. h4 $2 (28. Qf3 Qxf3 29. Rxf3) 28... Qd1+ 29. Kh2 Rc1 {Precision: White = 34%, Black = 75%.} 0-1